| 000 | 00000nas##2200000za#4500 |
| 001 | 9.509598 |
| 003 | CaOODSP |
| 005 | 20200331210952 |
| 007 | ta |
| 008 | 150406c1987||||xxc|| m #||||f| |0eng|d |
| 022 | |a0706-148X |
| 040 | |aCaOODSP|beng |
| 041 | |aeng |
| 041 | |afre |
| 043 | |an-cn--- |
| 086 | 1 |aS52-2 |
| 110 | 1 |aCanada. |bPublic Works and Government Services Canada. |bTranslation Bureau. |
| 245 | 10|aTerminology bulletin |
| 260 | |aOttawa - Ontario : |bPublic Works and Government Services Canada. |c1977--. |
| 310 | |aIrregular |
| 362 | 1 |a[No.] 158-- |
| 500 | |aCanadian cataloguing in publication data printed in these publications. |
| 520 | 3 |aThese departmental glossaries include the terminology of programs and services administered by a department or government agency. |
| 776 | 0#|tBulletin de terminologie / |w(CaOODSP)9.500140 |
| 792 | |tBulletin de terminologie |efre|w(CaOODSP)9.509599 |